Κείμενα για την Ελλάδα : φωτογραφίες και σχέδια

Αποθηκεύτηκε σε:
Λεπτομέρειες βιβλιογραφικής εγγραφής
Κύριος συγγραφέας: Le Corbusier, 1887-1965
Άλλοι συγγραφείς: Παλλαντίου, Λήδα (Μεταφραστής), Σημαιοφορίδης, Γιώργος (Επιμελητής έκδοσης)
Μορφή: Βιβλίο
Γλώσσα:Greek
Δημοσίευση: Αθήνα : Αγρα, 1987
Θέματα:
Ετικέτες: Προσθήκη ετικέτας
Δεν υπάρχουν, Καταχωρήστε ετικέτα πρώτοι!

MARC

LEADER 00000cam a2200000 i 4500
001 1/7558
008 960905s gre d
035 |l 10016748 
040 |a GR-MY-UA  |b gre  |e aacr 
041 0 |a gre 
082 0 |a 720.92 
100 0 |a Le Corbusier,   |d 1887-1965. 
245 1 0 |a Κείμενα για την Ελλάδα :  |b φωτογραφίες και σχέδια /  |c Le Corbusier ; Μετάφραση Λήδα Παλλαντίου ; Εισαγωγή, σύνθεση υλικού, επιμέλεια Γιώργος Σημαιοφορίδης 
260 |a Αθήνα :   |b Αγρα,   |c 1987 
300 |a 186 σ.  |b εικ. 
504 |a Περιέχει βιβλιογραφικές πληροφορίες 
600 0 0 |a Le Corbusier,   |d 1887-1965. 
650 0 0 |a Architects. 
700 1 |a Παλλαντίου, Λήδα.  |4 trl 
700 1 |a Σημαιοφορίδης, Γιώργος.  |4 edt 
852 |a INST  |b LESVOS  |e 19960905  |h 720.92 LEC  |p 005100000780  |q 005100000780  |t BK  |y 0 
909 |a Λ  |b 040150 
922 |a 1ΠΑΡ  |b 199503  |c 130/Χατζοπούλου 
970 |z 1999/08/26  |a Καμάτσου  |b Δέσποινα